000 00581cam a2200205 4500500
005 20260329004945.0
041 _afre
042 _adc
100 1 0 _aPortevin, Catherine
_eauthor
245 0 0 _aRationalité
260 _c2021.
500 _a17
690 _aComplotisme
690 _aRaison
690 _aRationalité
690 _aScience
690 _aSteven Pinker
786 0 _nPhilosophie magazine | 154 | 11 | 2021-11-01 | p. 62-62 | 1951-1787
856 4 1 _uhttps://shs.cairn.info/magazine-philosophie-magazine-2021-11-page-62?lang=fr&redirect-ssocas=7080
999 _c1838908
_d1838908